000 00432nam a2200181Ia 4500
005 20230914121623.0
008 131103s9999 xx 000 0 und d
040 _aLoreto College
041 _aEnglish
082 _aF
_bMAC
100 _aMacLean,Alistair
245 _aBear Island
_cAlistair MacLean
260 _aLondon
_bCollins
_c1971
300 _a286 p.
650 _aFiction in English
850 _aLCLIB
942 _cBK
999 _c16499
_d66978